Ghada Amer : (Record no. 417)
[ view plain ]
| 000 -LEADER | |
|---|---|
| campo de control de longitud fija | 01691cam a22003977a 4500 |
| 001 - NÚMERO DE CONTROL | |
| campo de control | 15988767 |
| 005 - FECHA Y HORA DE LA ÚLTIMA TRANSACCIÓN | |
| campo de control | 20220326193310.0 |
| 008 - DATOS DE LONGITUD FIJA--INFORMACIÓN GENERAL | |
| campo de control de longitud fija | 020531s2001 no a bc 000 0 eng d |
| 010 ## - NÚMERO DE CONTROL DE LA BIBLIOTECA DEL CONGRESO | |
| Número de control de LC | 2009521120 |
| 020 ## - NÚMERO INTERNACIONAL ESTÁNDAR DEL LIBRO | |
| Número Internacional Estándar del Libro | 8290955472 |
| 020 ## - NÚMERO INTERNACIONAL ESTÁNDAR DEL LIBRO | |
| Número Internacional Estándar del Libro | 9788290955477 |
| 035 ## - NÚMERO DE CONTROL DEL SISTEMA | |
| Número de control de sistema | (OCoLC)ocm49899430 |
| 040 ## - FUENTE DE CATALOGACIÓN | |
| Centro catalogador/agencia de origen | SNN |
| Centro/agencia transcriptor | SNN |
| Centro/agencia modificador | OHX |
| -- | OCLCQ |
| -- | OCLCG |
| -- | EYM |
| -- | UKTTE |
| -- | DLC |
| 041 0# - CÓDIGO DE IDIOMA | |
| Código de lengua del texto/banda sonora o título independiente | eng |
| -- | nor |
| 042 ## - CÓDIGO DE AUTENTICACIÓN | |
| Código de autenticación | lccopycat |
| 082 ## - NÚMERO DE LA CLASIFICACIÓN DECIMAL DEWEY | |
| Número de clasificación | 707 |
| Número de ítem | G411g |
| 100 1# - ENTRADA PRINCIPAL--NOMBRE DE PERSONA | |
| Nombre de persona | Amer, Ghada, |
| Fechas asociadas al nombre | 1963- |
| 9 (RLIN) | 2003 |
| 245 10 - MENCIÓN DEL TÍTULO | |
| Título | Ghada Amer : |
| Resto del título | reading between the threads. |
| Mención de responsabilidad, etc. | Wendt, Selene. |
| 260 ## - PUBLICACIÓN, DISTRIBUCIÓN, ETC. | |
| Lugar de publicación, distribución, etc. | [Oslo] : |
| Nombre del editor, distribuidor, etc. | Henie Onstad Kunstsenter, |
| Fecha de publicación, distribución, etc. | 2001. |
| 300 ## - DESCRIPCIÓN FÍSICA | |
| Extensión | 63 p. : |
| Otras características físicas | col. ill. ; |
| Dimensiones | 25 cm. |
| 500 ## - NOTA GENERAL | |
| Nota general | Catalog of the exhibition held at Henie Onstad Kunstsenter, Oslo, Norway, Sept. 20-Dec. 2, 2001, Museum Kunst Palast, Düsseldorf, Feb. 9-May 12, 2002 and at Bildmuseet, Umeå, Sweden, May 26-Oct. 13, 2002. |
| 500 ## - NOTA GENERAL | |
| Nota general | Curated by Selene Wendt. |
| 504 ## - NOTA DE BIBLIOGRAFÍA, ETC. | |
| Nota de bibliografía, etc. | Includes bibliographical references. |
| 530 ## - NOTA DISPONIBLE DE FORMULARIO FÍSICO ADICIONAL | |
| Nota de formato físico adicional disponible | Also issued online. |
| 546 ## - NOTA DE IDIOMA | |
| Nota de lengua/lenguaje | Essays and interview with the artist in English, with Norwegian translations. |
| 600 10 - PUNTO DE ACCESO ADICIONAL DE MATERIA--NOMBRE DE PERSONA | |
| Nombre de persona | Amer, Ghada, |
| Fechas asociadas al nombre | 1963- |
| Subdivisión de forma | Exhibitions. |
| 9 (RLIN) | 2004 |
| 650 ## - PUNTO DE ACCESO ADICIONAL DE MATERIA--TÉRMINO DE MATERIA | |
| Subdivisión geográfica | Noruega |
| 9 (RLIN) | 2005 |
| 700 1# - ENTRADA AGREGADA--NOMBRE PERSONAL | |
| Nombre de persona | Wendt, Selene. |
| 9 (RLIN) | 2006 |
| 710 2# - ENTRADA AGREGADA--NOMBRE DE ENTIDAD CORPORATIVA | |
| Nombre de entidad corporativa o nombre de jurisdicción como elemento de entrada | Henie-Onstad kunstsenter. |
| 9 (RLIN) | 2007 |
| 710 2# - ENTRADA AGREGADA--NOMBRE DE ENTIDAD CORPORATIVA | |
| Nombre de entidad corporativa o nombre de jurisdicción como elemento de entrada | Umeå universitet. |
| Unidad subordinada | Bildmuseet. |
| 9 (RLIN) | 2008 |
| 710 2# - ENTRADA AGREGADA--NOMBRE DE ENTIDAD CORPORATIVA | |
| Nombre de entidad corporativa o nombre de jurisdicción como elemento de entrada | Museum Kunst Palast (Düsseldorf, Germany) |
| 9 (RLIN) | 2009 |
| 776 08 - ENTRADA DE FORMULARIO FÍSICO ADICIONAL | |
| Información de relación | Online version: |
| Encabezamiento principal | Amer, Ghada, 1963- |
| Título | Ghada Amer. |
| Lugar, editor y fecha de publicación | [Oslo] : Henie Onstad Kunstsenter, 2001 |
| Número de control del registro | (OCoLC)606814027 |
| 906 ## - ELEMENTOS DE DATOS F LOCAL, LDF (RLIN) | |
| a | 7 |
| b | cbc |
| c | copycat |
| d | 3 |
| e | ncip |
| f | 20 |
| g | y-gencatlg |
| Estatus retirado | Estado de pérdida | Fuente del sistema de clasificación o colocación | Estado de daño | No para préstamo | Biblioteca de origen | Biblioteca actual | Ubicación en estantería | Fecha de adquisición | Total de préstamos | Signatura topográfica completa | Código de barras | Visto por última vez | Precio de reemplazo | Tipo de ítem Koha |
|---|---|---|---|---|---|---|---|---|---|---|---|---|---|---|
| Clasificación Decimal Dewey | Biblioteca LadoV | Biblioteca LadoV | 23/01/2015 | 707 G411g | 000572 | 23/01/2015 | 23/01/2015 | Material 01 |
